| 000 | 01087nam a2200277Ia 4500 | ||
|---|---|---|---|
| 005 | 20220317002004.0 | ||
| 008 | 200115s2019 ck 000 0 spa d | ||
| 020 | _a9789588421827 | ||
| 040 |
_aCO-BoRNBP _bspa _erda _cCO-BoRNBP |
||
| 041 | _aspa | ||
| 082 | 0 | 4 |
_a591.5 _bS13a |
| 100 | 1 |
_aSchiavo, Rita Mabel _eautor |
|
| 245 | 1 | 0 |
_aAnimales al 100% _ctexto de Rita Mabel Schiavo ; con ilustraciones de Isabella Grott ; traducción Elena del Amo |
| 250 | _aEdición especial | ||
| 264 | 1 |
_aBogotá _bVicens Vives _c2019 |
|
| 300 |
_a37 páginas _b ilustraciones en color _c 39 cm. |
||
| 336 |
_2rdacontent _atexto _btxt |
||
| 337 |
_2rdamedia _asin mediación _bn |
||
| 338 |
_2rdacarrier _avolumen _bnc |
||
| 490 | 0 | _aPlan Nacional de Lectura y Escritura Leer es mi Cuento / Ministerio de Cultura | |
| 504 | _aIncluye datos biográficos de la autora e ilustradora al final del texto | ||
| 650 | 1 | 7 |
_aAnimales _2LEMB _xHábitos y conducta _xLiteratura infantil |
| 650 | 1 | 7 |
_aZoología _2LEMB _xLiteratura infantil |
| 700 | 1 |
_aAmo, Elena del _etraductora _986195 |
|
| 942 |
_2ddc _cBK |
||
| 999 |
_c8804 _d8804 |
||